000 002280000a22000850004500
245 1 0 _aUna mujer de la India recibe sanidad
300 _aVol. 58, Núm 264 (2003), Páginas 23-24
773 0 _tLa Biblia de las Américas
942 _cANA
999 _c51746
_d51746